00647nam a2200181 4500001000700000003000900007005001700016007000300033008004100036100003200077245008700109260004600196300002200242700002800264852003200292999001900324952012200343136665ES-MaACL20230906195209.0t|070214s1964 ag r ||||1| cat d1 aSagan, Françoise.910140110aBon día tristeza / cFrançoise Sagan ; traducció catalana de Joan Rossinyol. aBuenos Aires : bPlaza & Janés, c1964. a146 p. ; c18 cm.1 aRossinyol, Joan.999899 aES-MaACLjC-25082 bR.53795 c136665d136665 00104070aATENEOMbATENEOMcDEPO2d2008-01-17eSCl0oC-25082p1142229r2023-02-23 00:00:00w2023-02-23yMONOGRAFIA